| 000 | 01166cam a22003737a 4500 | ||
|---|---|---|---|
| 003 | CHAP | ||
| 005 | 20220817043217.0 | ||
| 008 | 971013s1988 r 00010 d | ||
| 010 | _a68670 | ||
| 011 | _a69642 | ||
| 035 | _a79119 | ||
| 040 | _cCHAP | ||
| 082 |
_a614.31 _bF3 v.39 |
||
| 110 | _aFAO | ||
| 245 | 1 | 0 | _aQuality control in fruit and vegetable processing |
| 260 |
_aRome : _bFAO, _c1988 |
||
| 300 |
_a63 p. _b: ilus. |
||
| 490 | 0 |
_aFAO. Alimentación y nutrición _v; 39 |
|
| 590 |
_aBATCH-UPD _b10 _c20130110 _lUCH01 _h0232 |
||
| 590 |
_aBATCH-UPD _b10 _c20130110 _lUCH01 _h1152 |
||
| 590 |
_aBATCH-UPD _b10 _c20130409 _lUCH01 _h2255 |
||
| 590 |
_aBATCH-UPD _b10 _c20130914 _lUCH01 _h0149 |
||
| 590 |
_aCONVERSION _b10 _c20130109 _lUCH01 _h1338 |
||
| 650 | 1 | 4 |
_aAlimentos _xCalidad. |
| 650 | 1 | 4 |
_aAlimentos _xProcesado. _94267 |
| 650 | 1 | 4 |
_aCalidad _xControl de la. _917484 |
| 650 | 1 | 4 |
_aFruta _xCalidad. _943597 |
| 650 | 1 | 4 |
_aFrutas y legumbres. _943679 |
| 700 | 0 |
_aBoard, P. W. _913296 |
|
| 830 | 0 |
_aFAO. Alimentación y nutrición _v; 39 _939449 |
|
| 901 | _aBK | ||
| 942 | _cLIBRO | ||
| 949 |
_a614.31 F3 v.39 _bBC _cLIBRO _d-32000 _eLIBRO _h75727 _i79119 _si |
||
| 999 |
_c68670 _d68670 |
||